Treppen in Stahl
Salvato in:
| Autori principali: | , |
|---|---|
| Natura: | Libro |
| Lingua: | tedesco |
| Pubblicazione: |
Wiesbaden und Berlin :
Bauverlag GmbH,
1974
|
| Tags: |
Nessun Tag, puoi essere il primo ad aggiungerne!!
|
MARC
| LEADER | 00000nam a22000003a 4500 | ||
|---|---|---|---|
| 001 | stu139939 | ||
| 005 | 20150617225929.8 | ||
| 008 | 070412s1974----gw------------------ger-d | ||
| 020 | |a 3-7625-0514-4 | ||
| 040 | |a STU |b slo | ||
| 041 | 0 | |a ger | |
| 044 | |a gw | ||
| 100 | 1 | |a Gladischefski, Hans |4 aut | |
| 245 | 1 | |a Treppen in Stahl | |
| 260 | |a Wiesbaden und Berlin : |b Bauverlag GmbH, |c 1974 | ||
| 300 | |a 123 s.;obr.,schémy | ||
| 700 | 1 | |a Halmburger, Klaus |4 aut | |
| 996 | |b 284V027275 |c V*10382/O-2427 |l VVT |s A |a 24 |w stu139939_0001 | ||